| 000 | 00645cam a22002171 4500 | ||
|---|---|---|---|
| 001 | med47002641 | ||
| 003 | DLC | ||
| 005 | 20260227111606.0 | ||
| 008 | 820128s1947 xx 000 0 eng | ||
| 010 | _amed47002641 | ||
| 035 | _a(OCoLC)14665986 | ||
| 040 |
_aDLC _cDNLM _dDLC |
||
| 042 | _apremarc | ||
| 050 | 0 | 0 |
_aRA644.T7 _bN3 |
| 060 | 0 |
_aW6 _bP3 v.5765 |
|
| 110 | 2 |
_aNational Tuberculosis Association. _bProgram Development Service. |
|
| 245 | 1 | 0 |
_aBuilding a community program for tuberculosis control; _ba guide for tuberculosis associations. |
| 260 |
_aNew York, _c1947. |
||
| 300 | _aviii, 46 p. | ||
| 504 | _aIncludes "References." | ||
| 999 |
_c38658 _d38658 |
||